[Event "Aeroflot Open 2016 B"]
[Site "Moscu RUS"]
[Date "2016.03.05"]
[Round "5.11"]
[White "Sagar, Shah"]
[Black "Wang, Chen"]
[Result "1/2-1/2"]
[WhiteElo "2425"]
[BlackElo "2526"]
[PlyCount "39"]
[EventDate "2016.03.01"]
[EventType "swiss"]
[EventRounds "9"]
[EventCountry "RUS"]
[Source "lmi"]
[SourceDate "2016.03.01"]

1. d4 Nf6 2. c4 e6 3. Nc3 Bb4 4. e3 O-O 5. Nge2 b6 6. a3 Be7 7. d5 Re8 8. g3
Bb7 9. Bg2 Qc8 10. e4 d6 11. O-O Bf8 12. h3 Nbd7 13. Be3 c5 14. g4 Ne5 15. b3
Ng6 16. Ng3 a6 17. a4 h6 18. Re1 e5 19. Nce2 Nh7 20. Nf5 1/2-1/2

[Event "Aeroflot Open 2016 B"]
[Site "Moscu RUS"]
[Date "2016.03.05"]
[Round "5.12"]
[White "Sychev, Klementy"]
[Black "Iljiushenok, Ilia"]
[Result "1/2-1/2"]
[WhiteElo "2424"]
[BlackElo "2479"]
[PlyCount "98"]
[EventDate "2016.03.01"]
[EventType "swiss"]
[EventRounds "9"]
[EventCountry "RUS"]
[Source "lmi"]
[SourceDate "2016.03.01"]

1. d4 d5 2. c4 c6 3. Nf3 Nf6 4. e3 Bf5 5. Nc3 e6 6. Nh4 Bg6 7. Nxg6 hxg6 8. Bd3
Nbd7 9. O-O Bd6 10. h3 O-O 11. Qc2 dxc4 12. Bxc4 c5 13. dxc5 Bxc5 14. Rd1 Qe7
15. Be2 Rac8 16. Bd2 Bd6 17. Rac1 a6 18. Qb1 Nb6 19. Be1 Be5 20. a3 Rfe8 21.
Qa2 Rc7 22. Qb3 Nbd7 23. Bf3 Rec8 24. Qa2 Nb6 25. Ne2 Nfd5 26. Qb3 Nc4 27. Bxd5
exd5 28. Bc3 Qe6 29. Rd3 b5 30. Bxe5 Qxe5 31. Nc3 Rc5 32. Rcd1 Nxb2 33. Qxb2
Rxc3 34. Rxd5 Qe7 35. Qb4 Qxb4 36. axb4 Rb3 37. Rd8+ Rxd8 38. Rxd8+ Kh7 39. Rd6
Rxb4 40. Rxa6 g5 41. g4 g6 42. Rb6 Kg7 43. Kg2 Rb2 44. Kg3 Rb1 45. Kg2 b4 46.
Kf3 b3 47. Kg2 Kf8 48. Rb7 Ke8 49. f4 gxf4 1/2-1/2

[Event "Aeroflot Open 2016 B"]
[Site "Moscu RUS"]
[Date "2016.03.05"]
[Round "5.13"]
[White "Papin, Vasily"]
[Black "Ziaziulkina, Nastassia"]
[Result "1-0"]
[WhiteElo "2476"]
[BlackElo "2401"]
[PlyCount "95"]
[EventDate "2016.03.01"]
[EventType "swiss"]
[EventRounds "9"]
[EventCountry "RUS"]
[Source "lmi"]
[SourceDate "2016.03.01"]

1. c4 e5 2. e3 Nf6 3. Qc2 Be7 4. Nc3 O-O 5. Nf3 Nc6 6. a3 d5 7. cxd5 Nxd5 8. b4
Nxc3 9. dxc3 Qd6 10. Bb2 Qe6 11. Nd2 Rd8 12. Bd3 Kh8 13. Rd1 Qh6 14. Be2 Qg5
15. O-O Bf5 16. e4 Bh3 17. Bf3 Be6 18. Rfe1 a5 19. Nf1 axb4 20. axb4 Na7 21.
Rxd8+ Rxd8 22. Qa4 Nc8 23. Rd1 Bd6 24. Qb5 Nb6 25. Rxd6 cxd6 26. Qxb6 Qe7 27.
Qa7 h6 28. Ne3 Qd7 29. Be2 d5 30. exd5 Bxd5 31. c4 Be4 32. Bxe5 Qd2 33. Bf1 f6
34. Bc7 Re8 35. b5 Rc8 36. Ba5 Qd7 37. Bc3 Rd8 38. h3 Qe6 39. Qa1 b6 40. Qb2
Bb7 41. Qe2 Qf7 42. Qg4 Bc8 43. Qh4 Be6 44. Qe4 Qd7 45. Be2 Bg8 46. Qc6 Qa7 47.
Bxf6 Rd2 48. Nf5 1-0

[Event "Aeroflot Open 2016 B"]
[Site "Moscu RUS"]
[Date "2016.03.05"]
[Round "5.14"]
[White "Girya, Olga"]
[Black "Liu, Chang"]
[Result "1/2-1/2"]
[WhiteElo "2452"]
[BlackElo "2378"]
[PlyCount "96"]
[EventDate "2016.03.01"]
[EventType "swiss"]
[EventRounds "9"]
[EventCountry "RUS"]
[Source "lmi"]
[SourceDate "2016.03.01"]

1. d4 Nf6 2. c4 g6 3. Nc3 Bg7 4. e4 d6 5. Nf3 O-O 6. Be2 c5 7. O-O cxd4 8. Nxd4
Nc6 9. Be3 Nxd4 10. Bxd4 Bd7 11. Qd3 a5 12. Rad1 Bc6 13. b3 Nd7 14. Bxg7 Kxg7
15. Qd4+ Kg8 16. Bg4 Nf6 17. Bh3 Qb8 18. f4 Rd8 19. Rf2 Ne8 20. Rfd2 Qa7 21.
Qxa7 Rxa7 22. e5 Rb8 23. exd6 Nxd6 24. c5 Ne4 25. Nxe4 Bxe4 26. Rd7 e6 27. Rc7
Bd5 28. g3 Ra6 29. Bf1 Rc6 30. Rxc6 bxc6 31. Rd4 Rb4 32. Rxb4 axb4 33. Kf2 f6
34. Ke3 e5 35. fxe5 fxe5 36. h4 h6 37. Bd3 Kf7 38. Bc2 Kf6 39. Bd3 g5 40. Bh7
gxh4 41. gxh4 Bg2 42. Kd3 Bd5 43. Ke3 Ke6 44. Kd3 Ke7 45. Ke3 Kf6 46. Kd2 Bg2
47. Kd3 Bf1+ 48. Ke3 Bg2 1/2-1/2

[Event "Aeroflot Open 2016 B"]
[Site "Moscu RUS"]
[Date "2016.03.05"]
[Round "5.15"]
[White "Schreiner, Peter"]
[Black "Wang, Jue"]
[Result "1/2-1/2"]
[WhiteElo "2446"]
[BlackElo "2369"]
[PlyCount "143"]
[EventDate "2016.03.01"]
[EventType "swiss"]
[EventRounds "9"]
[EventCountry "RUS"]
[Source "lmi"]
[SourceDate "2016.03.01"]

1. d4 Nf6 2. c4 g6 3. Nc3 Bg7 4. e4 d6 5. Be2 O-O 6. Bg5 c5 7. d5 e6 8. Nf3
exd5 9. cxd5 h6 10. Be3 b5 11. Bxb5 Nxe4 12. Nxe4 Qa5+ 13. Qd2 Qxb5 14. Nxd6
Qa6 15. Nxc8 Rxc8 16. Qe2 Qa5+ 17. Bd2 Qd8 18. Rd1 Bxb2 19. Bxh6 Qa5+ 20. Kf1
Qa6 21. h4 Qxe2+ 22. Kxe2 c4 23. h5 c3 24. hxg6 fxg6 25. Bc1 Nd7 26. Nd4 Nb6
27. d6 Re8+ 28. Kf3 Nc4 29. Nc6 Bxc1 30. Rxc1 Nxd6 31. Rxc3 Rf8+ 32. Ke2 Rae8+
33. Re3 Ne4 34. Rh4 Rxf2+ 35. Ke1 Rc2 36. Rhxe4 Rxe4 37. Rxe4 Rxc6 38. Ra4 a6
39. Ke2 Kf7 40. Ke3 Ke6 41. Ra5 Rd6 42. g4 Rb6 43. a4 Rc6 44. Kd4 Rd6+ 45. Ke4
Rb6 46. Re5+ Kd6 47. Rd5+ Ke6 48. Ra5 Rb4+ 49. Kf3 Rb6 50. Kf4 Kf6 51. Kg3 Rc6
52. Kh4 Rb6 53. Rc5 Rd6 54. a5 Re6 55. Rc7 Re7 56. Rc6+ Re6 57. Rb6 Ke7 58.
Rb7+ Kf6 59. Ra7 Rd6 60. Ra8 Re6 61. Rb8 Re5 62. Rb6+ Re6 63. Kg3 Ke7 64. Rb7+
Kd8 65. Ra7 g5 66. Kf3 Rf6+ 67. Kg3 Re6 68. Kf3 Rf6+ 69. Kg2 Re6 70. Kg3 Rd6
71. Kf3 Rf6+ 72. Kg3 1/2-1/2

[Event "Aeroflot Open 2016 B"]
[Site "Moscu RUS"]
[Date "2016.03.05"]
[Round "5.16"]
[White "Venkatesh, M.R."]
[Black "Abhishek, Kelkar"]
[Result "0-1"]
[WhiteElo "2443"]
[BlackElo "2375"]
[PlyCount "90"]
[EventDate "2016.03.01"]
[EventType "swiss"]
[EventRounds "9"]
[EventCountry "RUS"]
[Source "lmi"]
[SourceDate "2016.03.01"]

1. Nf3 d5 2. g3 Nf6 3. Bg2 c6 4. O-O Bf5 5. d3 h6 6. Nbd2 e6 7. b3 Be7 8. Bb2
O-O 9. Qe1 Nbd7 10. e4 Bh7 11. Qe2 a5 12. a4 Rc8 13. h3 b5 14. Kh1 b4 15. Rae1
Qc7 16. e5 Ne8 17. Nd4 c5 18. Nb5 Qb6 19. f4 Nc7 20. g4 Nxb5 21. axb5 Bh4 22.
Ra1 Qxb5 23. f5 a4 24. Rxa4 Ra8 25. Nf3 Bg3 26. Rxa8 Rxa8 27. f6 Ra2 28. Bc1
Qb8 29. fxg7 Nxe5 30. Nxe5 Qxe5 31. Qf3 Bg6 32. Bxh6 Rxc2 33. g5 Re2 34. Qg4
Re1 35. Qf3 Bh4 36. Qg4 Bg3 37. Qf3 Rxf1+ 38. Bxf1 Qf4 39. Kg2 Qxf3+ 40. Kxf3
Be5 41. h4 Bh5+ 42. Ke3 Bd1 43. g6 Bxb3 44. Bh3 d4+ 45. Kd2 fxg6 0-1

[Event "Aeroflot Open 2016 B"]
[Site "Moscu RUS"]
[Date "2016.03.05"]
[Round "5.17"]
[White "Gurvich, Vitaly"]
[Black "Guo, Qi"]
[Result "1/2-1/2"]
[WhiteElo "2338"]
[BlackElo "2435"]
[PlyCount "50"]
[EventDate "2016.03.01"]
[EventType "swiss"]
[EventRounds "9"]
[EventCountry "RUS"]
[Source "lmi"]
[SourceDate "2016.03.01"]

1. d4 d5 2. c4 e6 3. Nf3 Nf6 4. Nc3 Be7 5. Bg5 h6 6. Bh4 O-O 7. e3 b6 8. Be2
Bb7 9. Bxf6 Bxf6 10. cxd5 exd5 11. b4 Qd6 12. Qb3 a6 13. O-O Nd7 14. a4 Be7 15.
Rab1 Qe6 16. Rfe1 a5 17. bxa5 Rxa5 18. Bd3 Bd6 19. Qc2 Nf6 20. Nb5 Ba6 21. Rbc1
Bxb5 22. Bxb5 Ba3 23. Rb1 Bd6 24. Rbc1 Ba3 25. Rb1 Bd6 1/2-1/2

[Event "Aeroflot Open 2016 B"]
[Site "Moscu RUS"]
[Date "2016.03.05"]
[Round "5.18"]
[White "Iljin, Timofey"]
[Black "Tunik, Gennady"]
[Result "1-0"]
[WhiteElo "2330"]
[BlackElo "2426"]
[PlyCount "63"]
[EventDate "2016.03.01"]
[EventType "swiss"]
[EventRounds "9"]
[EventCountry "RUS"]
[Source "lmi"]
[SourceDate "2016.03.01"]

1. d4 Nf6 2. c4 e6 3. Nf3 b6 4. g3 Ba6 5. b3 Bb7 6. Bg2 Bb4+ 7. Bd2 a5 8. O-O
O-O 9. Nc3 Bxc3 10. Bxc3 Be4 11. Rc1 d6 12. Nd2 Bxg2 13. Kxg2 c5 14. e4 cxd4
15. Bxd4 Nbd7 16. Qe2 Qc7 17. Rfd1 Qc6 18. Kg1 Rfc8 19. Bb2 a4 20. b4 a3 21.
Bd4 b5 22. Bxf6 Nxf6 23. cxb5 Qxc1 24. Rxc1 Rxc1+ 25. Kg2 Rc2 26. b6 d5 27. Qd3
Rxa2 28. b7 Rf8 29. Qb5 Rxd2 30. b8=Q Nxe4 31. Q5e8 Rxf2+ 32. Kg1 1-0

[Event "Aeroflot Open 2016 B"]
[Site "Moscu RUS"]
[Date "2016.03.05"]
[Round "5.19"]
[White "Tologontegin, Semetey"]
[Black "Chigaev, Maksim"]
[Result "0-1"]
[WhiteElo "2370"]
[BlackElo "2543"]
[PlyCount "120"]
[EventDate "2016.03.01"]
[EventType "swiss"]
[EventRounds "9"]
[EventCountry "RUS"]
[Source "lmi"]
[SourceDate "2016.03.01"]

1. d4 Nf6 2. Bf4 g6 3. Nf3 Bg7 4. e3 O-O 5. h3 d6 6. c3 c5 7. dxc5 dxc5 8. Qxd8
Rxd8 9. Nbd2 Nc6 10. Bc7 Rd7 11. Bh2 b6 12. Bb5 Bb7 13. Nc4 Rdd8 14. a4 Ne4 15.
O-O Nd6 16. Nfd2 Ne5 17. Rfd1 Nxb5 18. axb5 Nd3 19. f3 Bd5 20. Ra3 Be6 21. Bc7
Rdc8 22. Bg3 Rf8 23. Kf1 f5 24. Rda1 Rad8 25. Be1 Bd7 26. Rb3 e5 27. Ke2 e4 28.
fxe4 fxe4 29. Nxe4 Be6 30. Ned2 g5 31. Rba3 Bf5 32. Rxa7 Nc1+ 33. Rxc1 Bd3+ 34.
Kd1 Bxc4 35. Kc2 Bxb5 36. Nf3 Bd3+ 37. Kb3 h6 38. Bg3 Rf5 39. c4 Be4 40. Rf1
Rd3+ 41. Ka2 Rxe3 42. Rd1 Bxf3 43. Rdd7 Bf8 44. gxf3 Rexf3 45. Bd6 Rf7 46. Rxf7
Rxf7 47. Ra8 Kg7 48. Be5+ Kh7 49. Rb8 Bg7 50. Bxg7 Kxg7 51. Rxb6 Rf3 52. Rb7+
Kf8 53. b4 cxb4 54. c5 Rxh3 55. c6 Rc3 56. c7 Ke8 57. Rb8+ Kd7 58. Rh8 Kxc7 59.
Rxh6 g4 60. Rg6 g3 0-1

[Event "Aeroflot Open 2016 B"]
[Site "Moscu RUS"]
[Date "2016.03.05"]
[Round "5.20"]
[White "Nikolenko, Oleg"]
[Black "Mammadzada, Gunay"]
[Result "0-1"]
[WhiteElo "2511"]
[BlackElo "2345"]
[PlyCount "76"]
[EventDate "2016.03.01"]
[EventType "swiss"]
[EventRounds "9"]
[EventCountry "RUS"]
[Source "lmi"]
[SourceDate "2016.03.01"]

1. g3 c5 2. Bg2 Nc6 3. Nf3 g6 4. c4 Bg7 5. Nc3 d6 6. O-O e6 7. a3 Nge7 8. b4
O-O 9. Rb1 b6 10. e3 Bb7 11. d4 Qd7 12. Qd3 Rfd8 13. Rd1 cxd4 14. exd4 h6 15.
Bb2 Qe8 16. Qe2 Rac8 17. d5 exd5 18. cxd5 Nxb4 19. axb4 Bxc3 20. Bxc3 Rxc3 21.
Re1 Bxd5 22. Nd4 Bxg2 23. Kxg2 Rd7 24. Qd2 Rc4 25. Rbd1 Qa8+ 26. Kg1 Qf8 27. b5
Rc5 28. Qa2 Nd5 29. Qd2 Nc3 30. Rc1 Nxb5 31. Nxb5 Rxb5 32. Re3 Re7 33. Rd1 Rbe5
34. Rf3 R5e6 35. h4 h5 36. Rb1 Qe8 37. Kh2 Re5 38. Rd3 Re2 0-1

[Event "Aeroflot Open 2016 B"]
[Site "Moscu RUS"]
[Date "2016.03.05"]
[Round "5.21"]
[White "Kanter, Eduard"]
[Black "Pavlovic, Milos"]
[Result "1/2-1/2"]
[WhiteElo "2353"]
[BlackElo "2494"]
[PlyCount "36"]
[EventDate "2016.03.01"]
[EventType "swiss"]
[EventRounds "9"]
[EventCountry "RUS"]
[Source "lmi"]
[SourceDate "2016.03.01"]

1. d4 Nf6 2. c4 g6 3. Nc3 Bg7 4. e4 d6 5. Nf3 O-O 6. Be2 c5 7. O-O cxd4 8. Nxd4
Nc6 9. Be3 Nxd4 10. Bxd4 Bd7 11. c5 dxc5 12. Bxc5 Bc6 13. f3 Qc7 14. Be3 Nh5
15. Rc1 Be5 16. g3 Bxg3 17. hxg3 Qxg3+ 18. Kh1 Qh3+ 1/2-1/2

[Event "Aeroflot Open 2016 B"]
[Site "Moscu RUS"]
[Date "2016.03.05"]
[Round "5.22"]
[White "Dai, Changren"]
[Black "Babujian, Levon"]
[Result "1-0"]
[WhiteElo "2353"]
[BlackElo "2491"]
[PlyCount "61"]
[EventDate "2016.03.01"]
[EventType "swiss"]
[EventRounds "9"]
[EventCountry "RUS"]
[Source "lmi"]
[SourceDate "2016.03.01"]

1. e4 e5 2. Nf3 Nc6 3. Bb5 Nf6 4. O-O Nxe4 5. Re1 Nd6 6. Nxe5 Nxe5 7. Rxe5+ Be7
8. Bf1 O-O 9. d4 Bf6 10. Re1 Nf5 11. d5 c6 12. Nc3 Qb6 13. Ne4 Be5 14. d6 Qd4
15. Bd3 Nxd6 16. Ng5 Re8 17. Nf3 Qc5 18. Nxe5 Rxe5 19. Bf4 Rxe1+ 20. Qxe1 Kf8
21. Qe2 Ne8 22. Re1 Nf6 23. Bg5 Kg8 24. Bxf6 gxf6 25. Qe8+ Qf8 26. Qe4 Qh6 27.
Re3 f5 28. Qe8+ Kg7 29. Rg3+ Kf6 30. Qh8+ Ke7 31. Re3+ 1-0

[Event "Aeroflot Open 2016 B"]
[Site "Moscu RUS"]
[Date "2016.03.05"]
[Round "5.23"]
[White "Strelnikov, Sergey"]
[Black "Petrosyan, Manuel"]
[Result "1/2-1/2"]
[WhiteElo "2349"]
[BlackElo "2484"]
[PlyCount "274"]
[EventDate "2016.03.01"]
[EventType "swiss"]
[EventRounds "9"]
[EventCountry "RUS"]
[Source "lmi"]
[SourceDate "2016.03.01"]

1. Nf3 Nf6 2. c4 b6 3. g3 c5 4. Bg2 Bb7 5. O-O e6 6. Nc3 Be7 7. Re1 d5 8. cxd5
Nxd5 9. e4 Nxc3 10. bxc3 O-O 11. d4 cxd4 12. cxd4 Nd7 13. Bf4 Nf6 14. Ne5 Rc8
15. Qa4 a6 16. Rad1 Nh5 17. Be3 Bd6 18. Qb3 Bc7 19. a4 h6 20. Nc4 Qd7 21. Nxb6
Bxb6 22. Qxb6 Bc6 23. Qxa6 Bxa4 24. Rb1 Bc6 25. Rec1 Nf6 26. f3 Rfd8 27. Bh3
Nxe4 28. fxe4 Bxe4 29. Ra1 Rb8 30. Qe2 Rb3 31. Bf2 Qb7 32. Qa6 Qd5 33. Qc4 Qh5
34. Bg2 Bxg2 35. Kxg2 Qf3+ 36. Kg1 Rb2 37. Rc2 Rdb8 38. Rac1 R8b3 39. Qf1 Qf5
40. Rxb2 Rxb2 41. Qe1 h5 42. Qe3 h4 43. Qf4 Rb1 44. Rxb1 Qxb1+ 45. Kg2 Qb7+ 46.
Kh3 hxg3 47. Bxg3 Qd5 48. Qb8+ Kh7 49. Qe5 Qh1 50. Qe2 Qd5 51. Qg4 Qh1 52. Qf4
Kg8 53. Qf2 Qe4 54. Be5 Qd3+ 55. Kg2 Qe4+ 56. Qf3 Qc2+ 57. Kg3 Qg6+ 58. Kf2
Qc2+ 59. Qe2 Qf5+ 60. Ke3 Qg5+ 61. Kd3 Qg1 62. Kc4 Qc1+ 63. Kb5 Qb1+ 64. Kc6
Qh1+ 65. Kc7 Qd5 66. Qb2 Qc4+ 67. Kb6 Qd5 68. Qb5 Qd8+ 69. Kc5 Qd5+ 70. Kb4 Qf3
71. Qe8+ Kh7 72. Qe7 Qf2 73. Kc5 f6 74. Bg3 Qe3 75. Qd7 e5 76. Bxe5 fxe5 77.
Qf5+ Kh8 78. Qh5+ Kg8 79. Qxe5 Qa3+ 80. Kc4 Qa4+ 81. Kd3 Qd1+ 82. Ke4 Qc2+ 83.
Ke3 Qc1+ 84. Kd3 Qd1+ 85. Kc3 Qc1+ 86. Kb4 Qb2+ 87. Ka5 Qc3+ 88. Kb6 Qb3+ 89.
Qb5 Qe6+ 90. Qc6 Qe3 91. Qd5+ Kh8 92. Kc7 Qf4+ 93. Qd6 Qc1+ 94. Kd7 Qf1 95. d5
Qf7+ 96. Kd8 Qh5 97. Kc7 Kh7 98. Kc6 Qe8+ 99. Qd7 Qa8+ 100. Qb7 Qa4+ 101. Qb5
Qc2+ 102. Qc5 Qxh2 103. d6 Qg2+ 104. Kc7 Qg3 105. Kc8 Qg4+ 106. d7 Kh8 107. Qd5
Kh7 108. Qd3+ Kh8 109. Qc3 Kh7 110. Qc2+ Kh8 111. Qh2+ Kg8 112. Qc7 Kh7 113.
Qc2+ Kh8 114. Qc6 Kh7 115. Kb7 Qb4+ 116. Qb6 Qe4+ 117. Kc7 Qc4+ 118. Qc6 Qf4+
119. Qd6 Qc4+ 120. Kd8 Qh4+ 121. Qe7 Qg4 122. Ke8 Qh5+ 123. Qf7 Qe5+ 124. Kf8
Qb8+ 125. Ke7 Qb4+ 126. Ke8 Qe4+ 127. Qe7 Qg6+ 128. Kf8 Qf5+ 129. Qf7 Qc5+ 130.
Ke8 Qe5+ 131. Qe7 Qh5+ 132. Kd8 Qa5+ 133. Kc8 Qa8+ 134. Kc7 Qa7+ 135. Kc6 Qa6+
136. Kd5 Qd3+ 137. Ke6 Qb3+ 1/2-1/2

[Event "Aeroflot Open 2016 B"]
[Site "Moscu RUS"]
[Date "2016.03.05"]
[Round "5.24"]
[White "Gevorgyan, David Sh"]
[Black "Ulko, Jaroslav"]
[Result "0-1"]
[WhiteElo "2346"]
[BlackElo "2452"]
[PlyCount "80"]
[EventDate "2016.03.01"]
[EventType "swiss"]
[EventRounds "9"]
[EventCountry "RUS"]
[Source "lmi"]
[SourceDate "2016.03.01"]

1. d4 Nf6 2. c4 g6 3. Nc3 Bg7 4. g3 O-O 5. Bg2 d6 6. Nf3 Nbd7 7. O-O e5 8. h3
Re8 9. e4 exd4 10. Nxd4 Ne5 11. b3 Bd7 12. Re1 a6 13. Bb2 Qb8 14. Qc2 c5 15.
Nde2 b5 16. Nd5 Nxd5 17. cxd5 b4 18. Red1 Bb5 19. f4 Nd7 20. Bxg7 Kxg7 21. g4
f6 22. Ng3 a5 23. Qb2 Kg8 24. h4 Rf8 25. Bh3 Qa7 26. Kh2 Rae8 27. g5 fxg5 28.
Be6+ Rxe6 29. dxe6 Nf6 30. hxg5 Ng4+ 31. Kh3 Rxf4 32. Rxd6 Qe7 33. Qd2 Qxg5 34.
Rd8+ Kg7 35. Qb2+ Kh6 36. Rh1 Qxd8 37. Kg2+ Kg5 38. Rh5+ gxh5 39. Qg7+ Kh4 40.
Nf5+ Rxf5 0-1

[Event "Aeroflot Open 2016 B"]
[Site "Moscu RUS"]
[Date "2016.03.05"]
[Round "5.25"]
[White "Vaishali, R."]
[Black "Baghdasaryan, Vahe"]
[Result "1-0"]
[WhiteElo "2337"]
[BlackElo "2436"]
[PlyCount "97"]
[EventDate "2016.03.01"]
[EventType "swiss"]
[EventRounds "9"]
[EventCountry "RUS"]
[Source "lmi"]
[SourceDate "2016.03.01"]

1. e4 c5 2. Nf3 d6 3. d4 cxd4 4. Nxd4 Nf6 5. Nc3 a6 6. Be2 g6 7. O-O Bg7 8. Nb3
O-O 9. Re1 Nbd7 10. Bf1 b5 11. a4 b4 12. Nd5 Bb7 13. c4 Rc8 14. a5 Nxe4 15.
Rxe4 e6 16. Rf4 exd5 17. cxd5 Nf6 18. Rxb4 Bxd5 19. Bg5 Ba8 20. Bxa6 Rb8 21.
Rd4 Qe8 22. f3 Qe5 23. Bf4 Qe7 24. Kh1 Qa7 25. Rxd6 Nh5 26. Rd7 Qxa6 27. Bxb8
Rxb8 28. Rd8+ Rxd8 29. Qxd8+ Bf8 30. Nc5 Qd6 31. Qxd6 Bxd6 32. Rd1 Bxc5 33.
Rd8+ Kg7 34. Rxa8 Nf4 35. a6 Nd3 36. b3 Nf2+ 37. Kg1 Ne4+ 38. Kh1 Nf2+ 39. Kg1
Ne4+ 40. Kf1 Nd2+ 41. Ke2 Nxb3 42. Kd3 Bg1 43. Kc4 Nd2+ 44. Kc3 Nf1 45. Kd3
Nxh2 46. Re8 f5 47. Re1 Bb6 48. Ke2 g5 49. Rh1 1-0

[Event "Aeroflot Open 2016 B"]
[Site "Moscu RUS"]
[Date "2016.03.05"]
[Round "5.26"]
[White "Gomes, Mary Ann"]
[Black "Li, Di"]
[Result "0-1"]
[WhiteElo "2312"]
[BlackElo "2428"]
[PlyCount "72"]
[EventDate "2016.03.01"]
[EventType "swiss"]
[EventRounds "9"]
[EventCountry "RUS"]
[Source "lmi"]
[SourceDate "2016.03.01"]

1. Nf3 c5 2. c4 g6 3. Nc3 Bg7 4. d4 cxd4 5. Nxd4 Nc6 6. Nc2 Bxc3+ 7. bxc3 Qa5
8. Qd2 Nf6 9. f3 d6 10. e4 O-O 11. Nb4 Be6 12. Nd5 Rfc8 13. Rb1 Bxd5 14. cxd5
Ne5 15. Rb3 Rab8 16. Ra3 Qb6 17. Qb2 Qxb2 18. Bxb2 a6 19. Bc1 Nfd7 20. Be3 f5
21. exf5 gxf5 22. f4 Nc4 23. Bxc4 Rxc4 24. Bd4 Kf7 25. Kd2 Nf6 26. Kd3 Rbc8 27.
Rb1 Nxd5 28. g3 b5 29. Rxa6 Nxc3 30. Rb3 Nd5 31. a3 Rc1 32. Be3 Rh1 33. Bd2 Rc5
34. h4 Rg1 35. Ke2 Rg2+ 36. Kd1 Nf6 0-1

[Event "Aeroflot Open 2016 B"]
[Site "Moscu RUS"]
[Date "2016.03.05"]
[Round "5.27"]
[White "Tsydypov, Zhamsaran"]
[Black "Erzhanov, Arman"]
[Result "1-0"]
[WhiteElo "2425"]
[BlackElo "2305"]
[PlyCount "153"]
[EventDate "2016.03.01"]
[EventType "swiss"]
[EventRounds "9"]
[EventCountry "RUS"]
[Source "lmi"]
[SourceDate "2016.03.01"]

1. e4 d6 2. d4 Nf6 3. Nc3 e5 4. Nf3 Nbd7 5. Be2 Be7 6. O-O O-O 7. a4 a5 8. Re1
Re8 9. Bc4 h6 10. Ba2 Bf8 11. dxe5 Nxe5 12. Nd4 Bd7 13. h3 Nc6 14. Be3 Nb4 15.
Bb3 c6 16. Qf3 c5 17. Nf5 c4 18. Bxc4 Nxc2 19. Nd5 Nxd5 20. Bxd5 Bxf5 21. exf5
Qf6 22. Red1 Nxa1 23. Bd4 Qe7 24. Rxa1 Qc7 25. Ra3 Re5 26. Rc3 Qd7 27. Bxe5
dxe5 28. f6 Ra6 29. fxg7 Bxg7 30. Rb3 Rf6 31. Qd3 b6 32. Rb5 Qc7 33. Bc4 Rd6
34. Qb3 Rc6 35. Bf1 Rd6 36. Qf3 Qc6 37. Qe3 Rd4 38. Qb3 Rd6 39. Bc4 Qc7 40. Qc2
Qd7 41. Rb3 Kh8 42. Rf3 Rf6 43. Bb5 Qd8 44. Rd3 Rd6 45. Rc3 Qf6 46. Rc8+ Rd8
47. Qc7 Rf8 48. Qc2 e4 49. Rc6 Qd4 50. Qc1 Rd8 51. Qf4 Kg8 52. Bc4 Rf8 53. Rc7
e3 54. Bxf7+ Kh8 55. fxe3 Qxb2 56. Rc6 Qb1+ 57. Kh2 Rxf7 58. Rc8+ Rf8 59. Rxf8+
Bxf8 60. Qxf8+ Kh7 61. Qf7+ Kh8 62. Qe6 Kg7 63. Qe5+ Kh7 64. e4 Qb4 65. Qc7+
Kg6 66. Qc6+ Kg7 67. h4 Qe1 68. Qc7+ Kh8 69. Qf4 Kh7 70. e5 Qb4 71. Qf7+ Kh8
72. Qf6+ Kh7 73. e6 Qd6+ 74. g3 Qd2+ 75. Kh3 Qd1 76. Qf7+ Kh8 77. Qe8+ 1-0

[Event "Aeroflot Open 2016 B"]
[Site "Moscu RUS"]
[Date "2016.03.05"]
[Round "5.28"]
[White "Musaev, Rasul"]
[Black "Balashov, Yuri S"]
[Result "1/2-1/2"]
[WhiteElo "2297"]
[BlackElo "2408"]
[PlyCount "39"]
[EventDate "2016.03.01"]
[EventType "swiss"]
[EventRounds "9"]
[EventCountry "RUS"]
[Source "lmi"]
[SourceDate "2016.03.01"]

1. e4 e5 2. Nf3 Nc6 3. d4 exd4 4. Nxd4 Qf6 5. Nb3 Bb4+ 6. c3 Be7 7. g3 h5 8. h3
b6 9. Bg2 Ba6 10. f4 h4 11. g4 g5 12. e5 Nxe5 13. fxe5 Qxe5+ 14. Kd2 Rh6 15.
Qf3 Rb8 16. Nd4 Rd6 17. Re1 Qh2 18. Rh1 Qe5 19. Re1 Qh2 20. Rh1 1/2-1/2

[Event "Aeroflot Open 2016 B"]
[Site "Moscu RUS"]
[Date "2016.03.05"]
[Round "5.29"]
[White "Savitskiy, Sergey"]
[Black "Zhang, Ziji"]
[Result "0-1"]
[WhiteElo "2407"]
[BlackElo "2283"]
[PlyCount "58"]
[EventDate "2016.03.01"]
[EventType "swiss"]
[EventRounds "9"]
[EventCountry "RUS"]
[Source "lmi"]
[SourceDate "2016.03.01"]

1. e4 c5 2. Nf3 d6 3. d4 cxd4 4. Qxd4 a6 5. c4 Nc6 6. Qe3 Bg4 7. Be2 g6 8. O-O
Bg7 9. Rd1 Qa5 10. h3 Bxf3 11. Bxf3 Nf6 12. Bd2 Qc5 13. Qxc5 dxc5 14. e5 Nxe5
15. Bxb7 Ra7 16. Bc3 Nh5 17. Be4 O-O 18. Na3 Nf4 19. Kf1 f5 20. Bc2 Rb8 21. g3
Nxh3 22. Bxe5 Bxe5 23. Rab1 Rxb2 24. Kg2 Rxa2 25. Rd3 Nxf2 26. Kxf2 Bb2 27. Nb5
axb5 28. Bb3 Bd4+ 29. Ke1 b4 0-1

[Event "Aeroflot Open 2016 B"]
[Site "Moscu RUS"]
[Date "2016.03.05"]
[Round "5.30"]
[White "Kathmale, Sameer"]
[Black "Soumya, Swaminathan"]
[Result "1-0"]
[WhiteElo "2216"]
[BlackElo "2384"]
[PlyCount "159"]
[EventDate "2016.03.01"]
[EventType "swiss"]
[EventRounds "9"]
[EventCountry "RUS"]
[Source "lmi"]
[SourceDate "2016.03.01"]

1. e4 c5 2. c3 Nf6 3. e5 Nd5 4. Nf3 Nc6 5. Bc4 e6 6. O-O d6 7. d4 cxd4 8. cxd4
Be7 9. Bd2 O-O 10. Nc3 Nb6 11. Bb3 dxe5 12. dxe5 Na5 13. Bc2 Nbc4 14. Qe2 Nxd2
15. Nxd2 a6 16. Rfd1 Qc7 17. Rac1 Nc6 18. Nc4 g6 19. g3 f5 20. Bb3 Bc5 21. Na4
Nd4 22. Qd3 Nxb3 23. axb3 b5 24. Ncb6 bxa4 25. Nxa8 Qxe5 26. Re1 Qd4 27. Qxd4
Bxd4 28. bxa4 e5 29. Nc7 f4 30. Rc2 fxg3 31. hxg3 Rf3 32. Nd5 Bd7 33. Kg2 Rf7
34. a5 Ba4 35. Rc8+ Kg7 36. Rc7 Bxb2 37. Rxf7+ Kxf7 38. Nc7 Bc3 39. Rc1 Bxa5
40. Nxa6 Bb6 41. f3 h5 42. Nc5 Bxc5 43. Rxc5 Kf6 44. g4 hxg4 45. fxg4 Bd1 46.
Kg3 g5 47. Rc6+ Kf7 48. Rc1 Bb3 49. Rf1+ Kg6 50. Rf5 e4 51. Re5 Bc2 52. Kf2 Kf6
53. Rf5+ Kg6 54. Ke2 Bd3+ 55. Ke3 Bc2 56. Rf1 Bd3 57. Rf2 Kg7 58. Kd4 Kg6 59.
Rd2 Kf6 60. Rf2+ Kg6 61. Rb2 Kf6 62. Rd2 Kf7 63. Ke5 Kg6 64. Rd1 Bc2 65. Rd6+
Kf7 66. Rf6+ Ke7 67. Rc6 Bd3 68. Rc7+ Kd8 69. Rc3 Kd7 70. Rc5 Be2 71. Kf5 Kd6
72. Ra5 Bd1 73. Kxg5 Ke6 74. Kf4 Kf6 75. g5+ Kg6 76. Ra6+ Kg7 77. Kf5 e3 78.
Ra7+ Kg8 79. Kf6 Bf3 80. Rd7 1-0

[Event "Aeroflot Open 2016 B"]
[Site "Moscu RUS"]
[Date "2016.03.05"]
[Round "5.31"]
[White "Kharchenko, Boris"]
[Black "Lomasov, Semen"]
[Result "1/2-1/2"]
[WhiteElo "2488"]
[BlackElo "2350"]
[PlyCount "44"]
[EventDate "2016.03.01"]
[EventType "swiss"]
[EventRounds "9"]
[EventCountry "RUS"]
[Source "lmi"]
[SourceDate "2016.03.01"]

1. e4 e6 2. d4 d5 3. Nd2 Be7 4. e5 c5 5. dxc5 Nc6 6. Ngf3 Bxc5 7. Nb3 Bb6 8.
Bd3 Nge7 9. O-O Ng6 10. Qe2 O-O 11. Bg5 Qc7 12. Rfe1 Ncxe5 13. Nxe5 Qxe5 14.
Qxe5 Nxe5 15. Rxe5 f6 16. Bxf6 Rxf6 17. Re2 Bd7 18. c4 Raf8 19. c5 Bc7 20. Nd2
e5 21. f3 b6 22. b4 bxc5 1/2-1/2

[Event "Aeroflot Open 2016 B"]
[Site "Moscu RUS"]
[Date "2016.03.05"]
[Round "5.32"]
[White "Raja, Harshit"]
[Black "Badmatsyrenov, Oleg"]
[Result "1/2-1/2"]
[WhiteElo "2341"]
[BlackElo "2475"]
[PlyCount "32"]
[EventDate "2016.03.01"]
[EventType "swiss"]
[EventRounds "9"]
[EventCountry "RUS"]
[Source "lmi"]
[SourceDate "2016.03.01"]

1. e4 c5 2. Nf3 e6 3. d4 cxd4 4. Nxd4 a6 5. Bd3 Bc5 6. Nb3 Be7 7. O-O d6 8. Nc3
Nf6 9. f4 Qc7 10. e5 dxe5 11. fxe5 Qxe5 12. Bf4 Qh5 13. Be2 Qg6 14. Bd3 Qh5 15.
Be2 Qg6 16. Bd3 Qh5 1/2-1/2